000 00340 a2200169 4500
001 189066
020 _a978-85-377-1302-0
040 _cMagnum
100 _aNovais, Vera
240 1 0 _aQuímica 2
_lpor
245 1 0 _aQuímica 2
300 _a96
362 0 _a2010
440 1 _aEscala Educacional
697 _aQUÍMICA
942 _cBK
999 _c189066
_d189066